The Epistle to the Galatians: (Record no. 445)

000 -LEADER
fixed length control field 00631nam a2200193 a 4500
001 - CONTROL NUMBER
control field :::00013599$&:&@@
003 - CONTROL NUMBER IDENTIFIER
control field OkBaRHE
005 - DATE AND TIME OF LATEST TRANSACTION
control field 20100324121437.0
008 - FIXED-LENGTH DATA ELEMENTS--GENERAL INFORMATION
fixed length control field s1959 j 000 0 eng u
040 ## - CATALOGING SOURCE
Transcribing agency
100 1# - MAIN ENTRY--PERSONAL NAME
Personal name Hamilton, Floyd E.
245 14 - TITLE STATEMENT
Title The Epistle to the Galatians:
Remainder of title a study manual.
260 ## - PUBLICATION, DISTRIBUTION, ETC. (IMPRINT)
Place of publication, distribution, etc Grand Rapids, MI., :
Name of publisher, distributor, etc Baker Book House
Date of publication, distribution, etc 1959
300 ## - PHYSICAL DESCRIPTION
Extent 66 p. ;
Dimensions 21 cm.
490 0# - SERIES STATEMENT
Series statement Shield Bible study series.
650 ## - SUBJECT ADDED ENTRY--TOPICAL TERM
Topical term or geographic name as entry element Bible New Testament Galatians
General subdivision Commentaries
942 ## - ADDED ENTRY ELEMENTS (KOHA)
Source of classification or shelving scheme
Koha item type Books
Copies
Damaged status Full call number Lost status Koha item type Collection code Not for loan Shelving location Permanent Location Date last seen Barcode Withdrawn status Price effective from Copy number Date acquired Source of classification or shelving scheme
 BS 2685.3 .H3 BooksReference General StacksRHEMA Bible Training College2018-04-0313599 2010-04-1412010-04-14